书目信息 |
| 题名: |
一九七三年中国天文年历
|
|
| 作者: | ;中国科学院紫金山天文台 编 | |
| 分册: | ||
| 出版信息: | 北京 科学出版社 1972.12 |
|
| 页数: | 372页 | |
| 开本: | 26cm | |
| 丛书名: | ||
| 单 册: | ||
| 中图分类: | P197.1 | |
| 科图分类: | ||
| 主题词: | 天文年历--中国--1986 | |
| 电子资源: | ||
| ISBN: | ||
| 000 | 00709nam0 2200229 45 | |
| 001 | 0185009816 | |
| 005 | 20061121110145.68 | |
| 010 | @b精装@dCNY5.80 | |
| 091 | @aCN@b13031.3020 | |
| 100 | @a19900816d1972 kemy0chiy0121 ea | |
| 101 | 0 | @achi |
| 102 | @aCN@b110000 | |
| 105 | @af z 000yy | |
| 200 | 10 | @a一九七三年中国天文年历@Ayi jiu qi san nian zhong guo tian wen nian li@f中国科学院紫金山天文台编 |
| 210 | @a北京@c科学出版社@d1972.12 | |
| 215 | @a372页@c图@d26cm | |
| 606 | @a天文年历@y中国@z1986 | |
| 690 | @aP197.1@v3 | |
| 711 | 02 | @a中国科学院紫金山天文台@Azhong guo ke xue yuan zi jin shan tian wen tai@4编 |
| 801 | 2 | @aCN@bNLC@c20061121 |
| 801 | 0 | @aCN@bTSSF |
| 905 | @a10447@dP197.1@e3:(1973) | |
| 一九七三年中国天文年历/中国科学院紫金山天文台编.-北京:科学出版社,1972.12 |
| 372页:图;26cm |
| ISBN (精装):CNY5.80 |
| ● |
| 相关链接 |
|
|
|
|
正题名:一九七三年中国天文年历
索取号:P197.1/3:(1973)
 
预约/预借
| 序号 | 登录号 | 条形码 | 馆藏地/架位号 | 状态 | 备注 |
| 1 | 0203592 | 000627913 | 第二样本阅览室/ [索取号:P197.1/3:(1973)] | 在馆 |